000 00497nam a22001697a 4500
003 0
005 20241115105554.0
008 231118b xxu||||| |||| 00| 0 eng d
020 _a978-1-84886-341-5
082 _aFIC
_bM588 2018
100 _aMetcalf, Dan
245 _aDino wars : the trials of terror
_cDan Metcalf
260 _aWest Sussex
_bMaverick Arts Publishing Ltd.
_cc2018.
300 _a143 pages :
_bb&w illustrations ;
_c20 cm.
650 _aDinosaur--Fiction.
942 _2lcc
_cBK
999 _c365630
_d365630